Music Quiz

Random Music or Song Quiz

Can you name the Ed Sheeran song from a single lyric? Quiz Stats

 Plays Quiz not verified by Sporcle

Score 0/30 Timer 12:00
0 Plays Today
LYRICS SONG % Correct
Will your mouth still remember the taste of my love?Thinking Out Loud
83.2%
Fifteen years old and smoking hand-rolled cigarettesCastle on the Hill
79.2%
Drinking fast and then we talk slowShape of You
77.8%
'Cause we're just under the upper handThe A Team
77.3%
Kissed her on the neck and then I took her by the handGalway Girl
65.8%
Times forever frozen stillPhotograph
58%
I'm dancing in the darkPerfect
57%
Ignoring everybody here We wish they would disappearSing
56.3%
My three words have two meanings Lego House
54.2%
Well, tell me when it kicks inBloodstream
52.5%
So, I'll sing HallelujahSupermarket Flowers
52%
I reckon she was only looking for a lover to burnDon't
50.7%
Ain't nobody hurt you like I hurt youHappier
47.6%
I sing and write my own tune and I write my own verseYou Need Me, I Don't Need You
46.7%
Not watch it fizzle at the bottom of a Coke canDrunk
45.7%
LYRICS SONG % Correct
Owns every single Ministry CDNew Man
42.9%
Maybe you were needed up there but we're still unaware as whySmall Bump
42.1%
Without a nine to five job or a uni degreeEraser
39.4%
We'll play hide and seek to turn this aroundGive Me Love
39.1%
Tell me that you turned down the manOne
34.3%
I found your hair band on my bedroom floorUNI
34.3%
Listening to Stevie WonderNina
31.8%
Shakes my soul like a pot holeHearts Don't Break Around Here
30.4%
The revolution's coming, it's a minute awayWhat do I know?
30.4%
Fact is you're mad at me because I backtrack so casuallyThe Man
28.5%
London calls me a stranger, a travellerThe City
26.7%
Drinking to suppress devotionI'm A Mess
24.1%
You should've got a VCRWake Me Up
23.5%
And I've thrown it all awayThis
20.6%
My dad wasn't down with that plan to attackRunaway
20.5%

You're not logged in!

Compare scores with friends on all Sporcle quizzes.
OR
Log In

Sporcle TV

Today on Sporcle TV


Watch our educational content, quiz creation guides, and fun videos on Sporcle TV.

Show Comments

Extras

Created Sep 18, 2017ReportNominate
Tags:Song Quiz, Ed Sheeran, Single

Top Quizzes Today


Score Distribution

Your Account Isn't Verified!

In order to create a playlist on Sporcle, you need to verify the email address you used during registration. Go to your Sporcle Settings to finish the process.

Report this User

Report this user for behavior that violates our Community Guidelines.

Details: